Los hombres y las cárceles (Registro nro. 12832)

Detalles MARC
000 -Cabecera
Campo de control de longitud fija 00711nam a22002897a 4500
005 - Fecha y hora de la última transacción
Campo de control 20260415175041.0
008 - Elementos de longitud fija--Información general
Campo de control de longitud fija 201204b2019 xxu||||| |||| 00| 0 spa d
020 ## - International Standard Book Number
Número Internacional Estándar del Libro (ISBN) 9789563924985
041 ## - Idioma
Código de idioma Español
082 ## - Clasificación Decimal Dewey
Número de clasificación 365 F388h
100 ## - Entrada principal--Autor personal
Nombre personal Ferri, Enrico
9 (RLIN) 15279
245 ## - Título propiamente dicho
Título Los hombres y las cárceles
260 ## - Pie de imprenta
Lugar de publicación, distribución, etc. Argentina
260 ## - Pie de imprenta
Nombre del editor, distribuidor, etc. Olenijk
260 ## - Pie de imprenta
Fecha de publicación, distribución, etc. 2019
300 ## - Descripción física
Extensión 67 páginas
490 ## - Serie
Título de la Serie Investigación Criminal
650 ## - Materia general
Temática (materia general) CÁRCELES
650 ## - Materia general
Temática (materia general) ESCUELAS PENITENCIARIAS
650 ## - Materia general
Temática (materia general) SUICIDIO
650 ## - Materia general
Temática (materia general) DELINCUENTES
650 ## - Materia general
Temática (materia general) POLICÍA JUDICIAL
650 ## - Materia general
Temática (materia general) PREVENCIÓN SOCIAL
650 ## - Materia general
Temática (materia general) CRIMINALIDAD
650 ## - Materia general
Temática (materia general) INFANCIA ABANDONADA
942 ## - Punto de acceso adicional KOHA
Tipo de ítem KOHA Libro
Fuente del sistema de clasificación o colocación Dewey Decimal Classification
Existencias
Signatura completa Código de barras Programa Académico Tipo de ítem
365 F388h 25129 Investigación Criminal Libro